| Поле | Название | Значение |
| |
Тип записи |
a |
| |
Библиографический уровень |
m |
| 001 |
Контрольный номер |
LIBNET\0000796988 |
| 005 |
Дата корректировки |
20180924133339.2 |
| 010 |
Индекс ISBN |
__ |
| a |
ISBN |
978-5-699-98513-5 |
| d |
Цена |
366-00 |
| 100 |
Данные общей обработки |
__ |
| a |
Данные общей обработки |
20170725d2017 um y0rusy0189 ca |
| 101 |
Язык документа |
0_ |
| a |
Язык текста |
rus |
| 102 |
Страна публикации |
__ |
| a |
Страна публикации |
RU |
| 105 |
Кодированные данные (монография) |
__ |
| a |
Кодированные данные (монография) |
a|||z|||001yy |
| 200 |
Заглавие и сведения об ответственности |
1_ |
| a |
Заглавие |
Руководство по пользованию медициной |
| e |
Сведения, относящиеся к заглавию |
книга-ключ к Российскому здравоохранению и всем книгам о здоровье |
| f |
Первые сведения об ответственности |
доктор Мясников |
| g |
Последующие сведения об ответственности |
[предисл. Ольги Шестовой] |
| 210 |
Выходные данные |
1_ |
| a |
Место издания |
Москва |
| c |
Издательство |
Э |
| d |
Дата издания |
2017 |
| 215 |
Физическое описание |
__ |
| a |
Объем |
287, [1] с. |
| c |
Иллюстрации/тип воспроизводства |
ил. |
| d |
Формат |
24 |
| 225 |
Серия (Журнальная рубрика) |
1_ |
| a |
Серия (Журнальная рубрика) |
О самом главном с доктором Мясниковым |
| 300 |
Общие примечания |
__ |
| a |
Общие примечания |
На обл.: Отечественная программа оздоровления наций |
| 300 |
Общие примечания |
__ |
| a |
Общие примечания |
На обл.: Автор лучших нехудожественных книг в России за 2013-2017 гг. |
| 320 |
Библиография |
__ |
| a |
Библиография |
Предм. указ.: с. 285-287 |
| 330 |
Аннотация |
__ |
| a |
Аннотация |
Новая книга доктора Мясникова - совершенно особенная. Она поднимает и решает главный вопрос для каждого, кто сталкивался с проблемами здоровья: своего или своих близких. В нашей медицине отсутствует единообразие в обследовании и диагностике, широко распространена приверженность устаревшим методам лечения. Кроме того, со страниц и экранов безудержным потоком льется недобросовестная реклама чудодейственных средств, признанных в мировой медицине неэффективными. В дебрях шарлатанства, безграмотности и непрофессионализма нужен надежный посредник между обычным человеком и нашей медициной. Им могут стать для вас знания, изложенные в этой книге профессионалом высочайшего класса простым человеческим языком. Поэтому с этой книгой-проводником вы сможете разобраться в жизненно важных вопросах своего здоровья и получить оптимальное лечение в случае необходимости. "Руководство по пользованию медициной" - это книга-ключ к непростому российскому здравоохранению и всем книгам о здоровье. |
| 333 |
Примечание о целевом назначении |
__ |
| a |
Примечание о целевом назначении |
12+ |
| 606 |
Тематические рубрики |
1_ |
| 3 |
Контрольный № нормативной записи |
RU\NLR\auth\6641043 |
| a |
Основная рубрика |
Здравоохранение. Медицинские науки |
| j |
Формальный подзаголовок |
Популярные издания |
| 2 |
Код системы |
nlr_sh |
| 606 |
Тематические рубрики |
__ |
| a |
Основная рубрика |
Общая терапия |
| 610 |
Ключевые слова |
0_ |
| a |
Ключевые слова |
медицинское просвещение |
| a |
Ключевые слова |
фитотерапия |
| a |
Ключевые слова |
врачебные ошибки |
| a |
Ключевые слова |
УЗИ |
| a |
Ключевые слова |
КТ |
| a |
Ключевые слова |
МРТ |
| a |
Ключевые слова |
ультразвуковые обследования |
| a |
Ключевые слова |
компьютерная томография |
| a |
Ключевые слова |
магнито-резонансная томография |
| a |
Ключевые слова |
гипертония населения |
| a |
Ключевые слова |
платная медицина |
| 686 |
Индексы других классификаций |
__ |
| a |
Индекс ББК |
53.5 |
| 2 |
Код системы |
rubbk |
| 700 |
Автор |
_1 |
| a |
Фамилия |
Мясников |
| b |
Имя |
А. Л. |
| c |
Титул (звания) |
канд. мед. наук, кардиология |
| f |
Даты |
1953- |
| g |
Полное личное имя |
Александр Леонидович |
| 3 |
Контрольный № нормативной записи |
RU\NLR\AUTH\7773919 |
| 702 |
Вторичная интеллектуальная ответственность |
_1 |
| a |
Фамилия |
Шестова |
| b |
Имя |
О. Л. |
| g |
Полное личное имя |
Ольга Леонидовна |
| 4 |
Код отношения |
080 |
| 801 |
Источник записи |
_0 |
| a |
Страна |
RU |
| b |
Организация |
Пермская ГОУБ |
| c |
Дата составления |
20170725 |
| g |
Правила каталогизации |
rcr |
| 801 |
Источник записи |
_1 |
| a |
Страна |
RU |
| b |
Организация |
Пермская ГОУБ |
| c |
Дата составления |
20170725 |
| 801 |
Источник записи |
_2 |
| a |
Страна |
RU |
| b |
Организация |
Центральная районная библиотека им. Г. А. Пирожникова |
| c |
Дата составления |
20180924 |
| 830 |
Общее примечание каталогизатора |
__ |
| a |
Текст примечания |
374 |
| 852 |
Данные о местонахождении |
__ |
| j |
Шифр хранения |
53.5 |
| i |
Авторский знак |
М 994 |
| 901 |
Тип документа |
__ |
| t |
Тип документа |
m |
| 902 |
Роль лиц |
__ |
| b |
Редактор БЗ |
ОКиОЛ/Струналь |